白河夜船

資料類型: Book 圖書   書目號:18643

Leader xxxxxxxxxx
001 __ PCLIS00018643
005 __ 20230322142502.0
010 0_ |a957-626-009-4|b平裝|dNT$140
100 __ |a19980826d1989    m  y0chiy09      e
101 1_ |achi|cjpn
200 1_ |a白河夜船|f吉本芭娜娜著
205 __ |a初版
210 __ |a臺北市|c故鄉|d1989[民78]
215 0_ |a187面|d21公分
225 1_ |a大眾文學系列|v13
300 __ |a作者號由adm誤取8466,由t561修正
606 __ |2cst|a短篇小說
681 __ |a861.57|b8446
681 __ |a857.6|b8466 88
700 _1 |a吉本|b芭娜娜|f1964-  |4801 _0 |atw|b內湖高中|c20010622|gCCR
801 _2 |atw|b內湖高中|c20230322|gCCR
詳細館藏(共 1 筆)
索 書 號登 錄 號冊次號館別 / 館藏地流通類型狀態加入預約清單電子資源
861.57 / 8446 2006456  圖書館 / 一樓普通區 可外借30天 在館   

| 條列資料




目錄查詢 分類查詢 個人資料 圖書薦購 新書查詢 閉館日 排行榜 更多電子資源 Hami書城 線上資料庫 登出

From : 216.73.216.116

  本日流通累計至 10:19:01 借閱 : 3 次 續借 : 0 次 歸還 : 7 次 預約 : 0 次 電子資源 : 0 次


內湖高中圖書館  PCLIS 版本  25.5.0.2